000 00589 a2200169 4500
020 _a039304937X
022 _a9780393049374
082 _a520
090 _c1398
_d1398
100 _aWilford,John Noble .
245 0 0 _aCosmic dispatches, the new york times reports on astronomy & cosmology;
_cJohn NobleWilford,
260 _a[S.l.] :
_b2001,
_c2001.
300 _a1 v. (unpaged)
700 _aWilford,John Noble .
942 _aSNS
_cBK
_k520 WIL
999 _c30010
_d30010